000
00203 a2200097 4500
001
1468
100
_a
Barnett, O T
245
_a
Tiller metals for joining
260
_a
_b
Reinhold
_c
090
_c
1011
_d
1011
942
_a
NUST-CAE
_c
M
_c
126
999
_c
236541
_d
236541